[Event "45th FIDE Chess Olympiad Open"]
[Site "Budapest, Hungary"]
[Date "2024.09.12"]
[Round "2"]
[White "Pichot, Alan"]
[Black "Culum, Sanjin"]
[Result "1-0"]
[WhiteElo "2628"]
[BlackElo "2409"]
[PlyCount "137"]
[EventDate "2024.??.??"]
[WhiteTeam "Spain"]
[BlackTeam "Bosnia & Herzegovina"]
[WhiteTeamCountry "ESP"]
[BlackTeamCountry "BIH"]
[WhiteClock "0:06:11"]
[BlackClock "0:01:00"]

1. e4 c5 2. Nf3 d6 3. Bb5+ Nd7 4. O-O a6 5. Be2 Ngf6 6. d3 g6 7. c4 Bg7 8. Nc3 Ne5 9. Nxe5 dxe5 10. Be3 Nd7 $146 ({RR} 10... Qd6 11. Na4 Nd7 12. b4 cxb4 13. c5 Qc6 14. Qb3 a5 15. a3 bxa3 16. Qxa3 O-O 17. Rfc1 Rd8 18. Bd1 Ra6 19. Nb6 Nxb6 20. cxb6 Qf6 21. Rc7 Bf8 22. Qc1 Ra8 23. Ra3 Bd7 24. Rxb7 Rac8 25. Rc7 {1-0 Horvath,A (2420)-Dau Khuong Duy (2373) SixDays July GMA 2024 (4.3)}) ({RR} 10... Qd6 11. a3 O-O 12. Rb1 Nd7 13. b4 b6 14. Qc2 Rd8 15. Na4 e6 16. Rb2 Bf8 17. bxc5 bxc5 18. Qc3 Qc7 19. Rfb1 Ra7 20. Bd2 a5 21. Qc1 Bb7 22. Nc3 Bc6 23. Qe1 a4 24. Nb5 Bxb5 25. Rxb5 {½-½ Roiz,M (2575)-Aizenberg,B (2396) TCh-ISR 2024 (2.2)}) 11. Rb1 O-O 12. b4 cxb4 13. Rxb4 e6 14. Na4 Qa5 15. Bd2 Qc7 16. c5 Nb8 17. Nb6 Ra7 18. Be3 Nc6 19. Rc4 Rd8 20. Qd2 Nd4 21. f4 Bd7 22. fxe5 Nxe2+ 23. Qxe2 Bb5 24. d4 a5 25. Qf3 Ra6 26. Rcc1 Bxf1 27. Rxf1 Rf8 28. d5 Bxe5 29. d6 Qc6 30. Nc4 Bg7 31. e5 Qd5 32. Nb6 Rxb6 33. cxb6 Bxe5 34. Rd1 Qxf3 35. gxf3 Rd8 36. d7 f6 37. f4 Bb8 38. Rc1 Kf7 39. Rc7 e5 40. Rxb7 Ke6 41. fxe5 Bxe5 42. Ra7 Rxd7 43. Rxa5 Rd1+ 44. Kg2 Rb1 45. a4 Rb3 46. Kf2 f5 47. Rxe5+ Kxe5 48. a5 f4 49. Bc5 Kd5 50. a6 Kc6 51. b7 g5 52. Bd6 Rb2+ 53. Kf1 Rb1+ 54. Ke2 Rb2+ 55. Kd3 Rb3+ 56. Kc4 Rxb7 57. axb7 Kxb7 58. Kd5 Kc8 59. Ke6 h6 60. Kf5 Kd7 61. Bb8 Ke7 62. Kg6 Ke6 63. Bc7 Ke7 64. Kxh6 Kf6 65. Kh5 Kf5 66. h3 f3 67. Bg3 f2 68. Bxf2 Kf4 69. Be1 1-0

[Event "45th FIDE Chess Olympiad Open"]
[Site "Budapest, Hungary"]
[Date "2024.09.12"]
[Round "2"]
[White "Marjanovic, Dejan"]
[Black "Santos Latasa, Jaime"]
[Result "1/2-1/2"]
[WhiteElo "2365"]
[BlackElo "2624"]
[PlyCount "90"]
[EventDate "2024.??.??"]
[WhiteTeam "Bosnia & Herzegovina"]
[BlackTeam "Spain"]
[WhiteTeamCountry "BIH"]
[BlackTeamCountry "ESP"]
[WhiteClock "0:22:19"]
[BlackClock "0:47:08"]

1. d4 Nf6 2. Nf3 e6 3. Bg5 h6 4. Bh4 c5 5. e3 cxd4 6. exd4 Be7 7. Nbd2 Nc6 ({RR} 7... b6 8. Bd3 Ba6 9. Qe2 Bxd3 10. Qxd3 Nc6 11. c3 O-O 12. O-O d5 13. Rfe1 Nh5 14. Bxe7 Qxe7 15. Ne5 Nxe5 16. Rxe5 Nf6 17. a4 a6 18. a5 bxa5 19. Rxa5 Qc7 20. Ra2 Ng4 21. Rh5 Rfb8 22. f3 {½-½ Abasov,N (2516)-Khismatullin,D (2682) Nakhchivan op 2014 (2)}) 8. c3 O-O 9. Bd3 Nh5 $146 ({RR} 9... b6 10. O-O Bb7 11. Re1 Nh5 12. Bg3 f5 13. Ne5 Nxg3 14. hxg3 Nxe5 15. dxe5 f4 16. g4 f3 17. g3 Bh4 18. Ne4 Qc7 19. gxh4 Rf4 20. Ng3 Rxg4 21. Re4 Bxe4 22. Bxe4 Rf8 23. Bxf3 Rgf4 24. Bg2 {½-½ Karlik,V (2301)-Hujo,J (2090) Tatry op Tatranske Zruby 2008 (9)}) ({RR} 9... Nd5 10. Bg3 Bg5 11. Ne4 Nf4 12. Nfxg5 hxg5 13. Bxf4 gxf4 14. Qh5 g6 15. Qh6 Re8 16. Nd6 Rf8 17. Qxf4 Qe7 18. O-O-O e5 19. dxe5 Qxe5 20. Qxe5 Nxe5 21. Rhe1 Nxd3+ 22. Rxd3 Rd8 23. Rde3 b6 24. Re8+ {1-0 Dowgird,F (2348)-Obidjonov,O (2089) Titled Tue 13th Aug Early 2024 (7)}) ({RR} 9... Nd5 10. Bxe7 Ncxe7 11. O-O b6 12. Re1 Bb7 13. a4 Qc7 14. a5 bxa5 15. Nb3 Rab8 16. Nxa5 Nf4 17. Ra2 Ba8 18. Bf1 f5 19. Ne5 Rf6 20. f3 Nfd5 21. Qa4 Nb6 22. Qa3 d6 23. Nec4 Bd5 24. b3 {½-½ Perez Rodriguez,J (2211)-L'Ami,A (2446) Olympiad Women-41 2014 (1.2)}) ({RR} 9... d6 10. Qe2 Nd5 11. Bg3 Re8 12. O-O f5 13. h3 Nf6 14. Rfe1 a6 15. a4 d5 16. Ne5 Nxe5 17. Bxe5 Bd6 18. Rad1 Qe7 19. c4 Bd7 20. Bxd6 Qxd6 21. b3 Ne4 22. Nxe4 fxe4 23. Bb1 Rf8 24. Rf1 {1-0 Gazik,R (2061)-Sabik,R (1978) SVK-chT2B 1415 2014 (5.2)}) 10. Bxe7 Nxe7 11. O-O Nf4 12. Bc2 b6 13. Re1 Qc7 14. Ne5 d6 15. Nd3 Nfd5 16. Nf1 Bb7 17. Ne3 Rae8 18. a4 e5 19. Bb3 Nxe3 20. fxe3 Nd5 21. Qd2 Nf6 22. Rad1 Re7 23. Nf2 exd4 24. Qxd4 Rd8 25. e4 Re5 26. Bc2 Rd7 27. c4 Re6 28. b3 Rde7 29. Re3 d5 30. cxd5 Bxd5 31. Bb1 Bc6 32. Qd8+ Qxd8 33. Rxd8+ Kh7 34. Rd4 g6 35. Bd3 Kg7 36. h3 h5 37. Bc2 Rd7 38. Red3 Kf8 39. b4 Rxd4 40. Rxd4 Ke7 41. Bb3 Re5 42. Rc4 Kd6 43. Rd4+ Ke7 44. Rc4 Kd6 45. Rd4+ Ke7 1/2-1/2

[Event "45th FIDE Chess Olympiad Open"]
[Site "Budapest, Hungary"]
[Date "2024.09.12"]
[Round "2"]
[White "Bachmann, Axel"]
[Black "Vachier-Lagrave, Maxime"]
[Result "1/2-1/2"]
[WhiteElo "2560"]
[BlackElo "2731"]
[PlyCount "83"]
[EventDate "2024.??.??"]
[WhiteTeam "Paraguay"]
[BlackTeam "France"]
[WhiteTeamCountry "PAR"]
[BlackTeamCountry "FRA"]
[WhiteClock "0:10:41"]
[BlackClock "0:48:48"]

1. Nf3 c5 2. c4 Nc6 3. d4 cxd4 4. Nxd4 Nf6 5. Nc3 e6 6. a3 Be7 7. e4 O-O 8. Nf3 Qa5 9. Bd2 Qh5 10. Be2 d5 11. exd5 exd5 12. cxd5 Nxd5 13. Nd4 Qe5 14. Nxc6 bxc6 15. Nxd5 cxd5 16. Bc3 Qg5 17. O-O Rd8 $146 ({RR} 17... Bh3 18. Bf3 Rad8 19. Re1 Be6 20. Bd4 Bf6 21. Re2 Rd7 22. Rd2 Rc8 23. Qe2 Bxd4 24. Rxd4 Rdc7 25. h4 Qf6 26. Qe3 Rc2 27. Rad1 Rxb2 28. Bxd5 Bxd5 29. Rxd5 h6 30. Qd4 Qxd4 31. R5xd4 Ra2 32. Rd8+ {½-½ Khusenkhojaev,M (2451)-Swapnil,S (2533) Mumbai Wealth op 3rd 2017 (9)}) 18. Bf3 Be6 19. Re1 Bf6 20. Re2 Bxc3 21. bxc3 Rac8 22. Re3 Qf6 23. Rc1 d4 24. cxd4 Qxd4 25. Rxc8 Qxd1+ 26. Bxd1 Rxc8 27. Kf1 Rc1 28. Ke1 Kf8 29. Kd2 Ra1 30. Rc3 a5 31. a4 Bd7 32. Rc4 Ke7 33. Re4+ Kd6 34. Rd4+ Kc7 35. Bb3 f6 36. h4 g5 37. g3 h6 38. Rc4+ Kd6 39. Rd4+ Kc7 40. Rc4+ Kd6 41. Rd4+ Kc7 42. Rc4+ 1/2-1/2

[Event "45th FIDE Chess Olympiad Open"]
[Site "Budapest, Hungary"]
[Date "2024.09.12"]
[Round "2"]
[White "Bacrot, Etienne"]
[Black "Delgado Ramirez, Neuris"]
[Result "1/2-1/2"]
[WhiteElo "2665"]
[BlackElo "2484"]
[PlyCount "60"]
[EventDate "2024.??.??"]
[WhiteTeam "France"]
[BlackTeam "Paraguay"]
[WhiteTeamCountry "FRA"]
[BlackTeamCountry "PAR"]
[WhiteClock "0:41:38"]
[BlackClock "0:45:30"]

1. d4 Nf6 2. c4 e6 3. Nf3 Bb4+ 4. Bd2 Bxd2+ 5. Qxd2 d5 6. Nc3 O-O 7. e3 Qe7 8. cxd5 exd5 9. Bd3 Nc6 ({RR} 9... c6 10. O-O Nbd7 11. Qc2 Re8 12. Nd2 Nf8 13. Rae1 Bd7 14. b4 Qd6 15. Qb2 Ng6 16. a3 Ng4 17. g3 h5 18. Nb3 b6 19. Qd2 Nf6 20. f3 Bh3 21. Rf2 Re7 22. e4 dxe4 23. fxe4 Ng4 24. e5 {0-1 Ivanchuk,V (2739)-Vitiugov,N (2737) Gibraltar Masters playoff 12th rapid 2014 (1.4)}) 10. h3 Rd8 11. Qe2 ({RR} 11. a3 Ne4 12. Qc2 Bf5 13. O-O Rd6 14. Rac1 Rad8 15. Nd2 Nxd2 16. Qxd2 Bxd3 17. Qxd3 a6 18. b4 Rg6 19. Ne2 Na7 20. Nf4 Rf6 21. a4 c6 22. Rc5 Rfd6 23. Rfc1 g6 24. Qb3 Qd7 25. R5c2 Ra8 {1-0 Aakash Sharadchandra,D (2305)-Shchekachev,A (2487) ch-Paris IdF Masters 2024 (9.2)}) ({RR} 11. a3 Ne4 12. Qc2 Bf5 13. Bxe4 dxe4 14. Nd2 Bg6 15. Ne2 Rd7 16. Rc1 Re8 17. Qb3 Nd8 18. Nf4 c6 19. O-O Kh8 20. Qc2 f6 21. Qc5 Qxc5 22. Rxc5 Bf7 23. b4 g5 24. Ne2 Ne6 25. Rc2 Nc7 {½-½ Supi,L (2569)-Delgado Ramirez,N (2615) Lagoas op 4th 2019 (4)}) 11... Ne4 12. Nd2 $146 ({RR} 12. Bxe4 dxe4 13. Nd2 Nb4 14. O-O b6 15. Rfd1 f5 16. a3 Ba6 17. Nc4 Nd3 18. Ne5 Rd6 19. f3 Nxe5 20. Qxa6 Nxf3+ 21. gxf3 Rg6+ 22. Kh2 Qh4 23. Rg1 Qf2+ 24. Kh1 Qxf3+ 25. Kh2 Qf2+ 26. Kh1 Qxe3 {0-1 Reich,T (2440)-Benkovic,P (2435) BL2-Sued 0607 2006 (8.3)}) 12... Nxd2 13. Kxd2 Nb4 14. a3 Nxd3 15. Qxd3 Qf6 16. Ke2 Bf5 17. Qd2 c5 18. f3 c4 19. Kf2 Rd6 20. Ne2 Re8 21. Rae1 h5 22. h4 g6 23. Nf4 Qd8 24. g3 Rb6 25. Rc1 Rb5 26. Rhe1 a5 27. Re2 Rb3 28. Rc3 Rb5 29. Rc1 Rb3 30. Rc3 Rb5 1/2-1/2

[Event "45th FIDE Chess Olympiad Open"]
[Site "Budapest, Hungary"]
[Date "2024.09.12"]
[Round "2"]
[White "Cubas, Jose Fernando"]
[Black "Maurizzi, Marc`Andria"]
[Result "0-1"]
[WhiteElo "2417"]
[BlackElo "2595"]
[PlyCount "62"]
[EventDate "2024.??.??"]
[WhiteTeam "Paraguay"]
[BlackTeam "France"]
[WhiteTeamCountry "PAR"]
[BlackTeamCountry "FRA"]
[WhiteClock "0:01:16"]
[BlackClock "0:22:10"]

1. e4 c5 2. Nf3 Nc6 3. d4 cxd4 4. Nxd4 Nf6 5. Nc3 e6 6. Ndb5 Bc5 7. Bf4 O-O 8. Bc7 Qe7 9. Bd6 Bxd6 10. Qxd6 Qd8 11. O-O-O a6 12. Nd4 Ne7 13. h4 b5 14. Nb3 ({RR} 14. h5 Ne8 15. Qh2 h6 16. g4 b4 17. Na4 Qa5 18. b3 Bb7 19. f3 Rc8 20. Kb1 Qc7 21. Qxc7 Rxc7 22. Nb6 Nf6 23. Rh2 Rb8 24. Nc4 d5 25. exd5 Nexd5 26. Kb2 Nc3 27. Rdd2 Rd7 28. a3 bxa3+ {1-0 Fressinet,L (2652)-Dreev,A (2606) Julius Baer Rapid Div 2 W 2023 (1.2)}) 14... Ne8 15. Qb4 $146 ({RR} 15. Qd2 Qc7 16. h5 b4 17. Na4 Rb8 18. h6 g6 19. Nac5 d6 20. Nxa6 Bxa6 21. Bxa6 Qa7 22. Qd3 Qxf2 23. Bb5 Qf4+ 24. Kb1 Nf6 25. Rhf1 Qe5 26. Qxd6 Qxd6 27. Rxd6 Nxe4 28. Rd7 Nf5 29. Bd3 Neg3 {½-½ Shafer,L (2014)-Reiss,A (2161) 17th Philadelphia Int 2024 (7.33)}) ({RR} 15. Qd2 Qc7 16. f3 b4 17. Na4 a5 18. Qd4 Rb8 19. Qc5 Qxc5 20. Naxc5 d6 21. Nd3 Nc6 22. Nf4 Bd7 23. Nd2 Ne5 24. Nd3 Nxd3+ 25. Bxd3 Nf6 26. Nc4 d5 27. exd5 Nxd5 28. Be4 Rb5 29. Ne5 Bc8 {1-0 Girsh,D (2206)-Zhuang,K (1998) 124th US Open 2024 (6.5)}) ({RR} 15. Qd2 Qc7 16. a3 Rb8 17. h5 d6 18. h6 g6 19. Kb1 Nc6 20. Nd4 Bd7 21. Na2 Qb6 22. f3 Ne5 23. Nb3 f5 24. exf5 Rxf5 25. Qd4 Nc6 26. Qxb6 Rxb6 27. Nb4 Ne5 28. Rd4 g5 29. Be2 d5 {½-½ Amar,E (2567)-Ghasi,A (2485) Fagernes GM Open 2024 (8.5)}) 15... Nc6 16. Qc5 Qc7 17. a3 d6 18. Qe3 b4 19. axb4 Nxb4 20. h5 h6 21. Qd4 a5 22. Bb5 e5 23. Qd2 Qb6 24. Ba4 Nf6 25. Qxd6 Qxf2 26. Nc5 Bg4 27. Rdf1 Qe3+ 28. Kb1 Rac8 29. Nd3 Rxc3 30. Nxb4 Nxe4 31. Qa6 Nd2+ 0-1

[Event "45th FIDE Chess Olympiad Open"]
[Site "Budapest, Hungary"]
[Date "2024.09.12"]
[Round "2"]
[White "Lagarde, Maxime"]
[Black "Almiron, Antonio"]
[Result "1/2-1/2"]
[WhiteElo "2598"]
[BlackElo "2312"]
[PlyCount "63"]
[EventDate "2024.??.??"]
[WhiteTeam "France"]
[BlackTeam "Paraguay"]
[WhiteTeamCountry "FRA"]
[BlackTeamCountry "PAR"]
[WhiteClock "0:08:31"]
[BlackClock "0:03:44"]

1. e4 {Shevchenko, Kirill} e5 2. Nf3 Nc6 3. Bb5 a6 4. Ba4 Nf6 5. Nc3 d6 6. Bxc6+ bxc6 7. d4 Nd7 8. Bg5 $146 ({RR} 8. dxe5 dxe5 9. Be3 Bd6 10. O-O O-O 11. Qd2 Qe7 12. Na4 Rb8 13. b3 Bb7 14. c4 Rbd8 15. Qa5 c5 16. b4 Qe6 17. bxc5 Be7 18. Nd2 Nf6 19. f3 Rd3 20. Rfe1 Rfd8 21. Rab1 Bc6 22. Nb2 R3d7 {1-0 Tarrasch,S-Chigorin,M Match Chigorin-Tarrasch +9-9=4 1893 (11)}) ({RR} 8. O-O a5 9. b3 Be7 10. Re1 ({RR} 10. Bb2 O-O 11. Qd2 f6) ({RR} 10. dxe5 dxe5 11. Na4 O-O 12. Qe2 Bd6 13. Rd1 Qe7) 10... O-O 11. Ba3 f6 12. Na4 ({RR} 12. Qe2 Ba6 13. Qe3 Qe8 14. Rad1) 12... Nb6 13. Nxb6 cxb6 14. c4 Qe8 15. Qd3 Kh8 16. Rad1 Bg4 ({RR} 16... c5 17. dxc5 bxc5 18. Nh4 g6 19. g3 Qc6 20. Ng2 Bb7 21. f3 f5) 17. h3 Bh5 18. g4 Bf7 19. Nh4 g6 20. Ng2 Rd8 21. f4 b5 22. cxb5 cxb5 {½-½ Shevchenko,K (2644)-Aronian,L (2765) Warsaw Superbet Classic rapid 2022 (6.5)}) ({RR} 8. O-O Be7 9. dxe5 dxe5 10. Be3 O-O 11. Qe2 a5 12. Rfd1 Qe8 13. Qc4 Nb6 14. Bxb6 Ba6 15. Qb3 Rb8 16. Nxe5 Rxb6 17. Qa4 Rxb2 18. Nxc6 Bc5 19. Nxa5 Qe5 20. Nb3 Qxc3 21. Qxa6 Rxc2 22. Nxc5 Qxc5 {0-1 Urazayev,A (2476)-Gallo Garcia,K (2397) Titled Tue 5th Mar Late 2024 (1)}) ({RR} 8. O-O Be7 9. Be3 O-O 10. Qd2 exd4 11. Nxd4 Ne5 12. f4 c5 13. fxe5 cxd4 14. Qxd4 dxe5 15. Qxe5 Bd6 16. Qh5 Rb8 17. Rad1 Qe8 18. Bc1 Be5 19. Rd3 Rb6 20. Rd5 Re6 21. Be3 Bb7 22. Rd2 Bd6 {½-½ Marco,G-Chigorin,M Nuernberg InternationalesMeisterturnier 1896 (18)}) ({RR} 8. dxe5 dxe5 9. O-O Bd6 10. Be3 O-O 11. Na4 Qe7 12. Nd2 Qe6 13. b3 a5 14. Re1 Ba6 15. c4 c5 16. Nf1 Bb7 17. Ng3 Bc6 18. Nb2 a4 19. Nd3 Rfb8 20. Qc2 g6 21. f3 Ra6 22. Qc3 Qe7 {1-0 Treybal,F-Hromadka,K Match Treybal-Hrodmadka +5-2=4 1912 (1)}) 8... f6 9. Be3 Be7 10. Qe2 Nb6 11. O-O-O Bd7 12. Rd2 Qc8 13. Rhd1 Bg4 14. h3 Bh5 15. g4 Bf7 16. d5 c5 17. Nh4 g6 18. f4 exf4 19. Bxf4 Nd7 20. Bh6 Qb7 21. Rf1 O-O-O 22. Ng2 Rde8 23. Ne3 Bf8 24. Bxf8 Rhxf8 25. Nc4 g5 26. Rf3 Bg6 27. Na5 Qa8 28. Re3 Ne5 29. Nd1 Kd7 30. Nf2 Ke7 31. Nd3 Nd7 32. h4 1/2-1/2

[Event "45th FIDE Chess Olympiad Open"]
[Site "Budapest, Hungary"]
[Date "2024.09.12"]
[Round "2"]
[White "Volokitin, Andrei"]
[Black "Meier, Georg"]
[Result "1/2-1/2"]
[WhiteElo "2660"]
[BlackElo "2591"]
[PlyCount "61"]
[EventDate "2024.??.??"]
[WhiteTeam "Ukraine"]
[BlackTeam "Uruguay"]
[WhiteTeamCountry "UKR"]
[BlackTeamCountry "URU"]
[WhiteClock "0:05:54"]
[BlackClock "0:14:33"]

1. e4 e6 2. d4 d5 3. Nc3 Nf6 4. e5 Nfd7 5. f4 c5 6. Nf3 Nc6 7. Be3 cxd4 8. Nxd4 Bc5 9. Qd2 O-O 10. O-O-O Bxd4 11. Bxd4 Qa5 12. Kb1 Rb8 13. Nb5 Qxd2 14. Rxd2 a6 15. Nd6 Nxd4 16. Rxd4 f6 17. exf6 Nxf6 18. Nxc8 Rfxc8 19. c4 $146 ({RR} 19. Bd3 Kf7 20. Re1 Rc6 21. a4 b5 22. axb5 axb5 23. Rb4 Rc5 24. c3 g6 25. Kc2 Ng4 26. h3 Nf2 27. Ra1 Nxd3 28. Kxd3 Kf6 29. g4 h6 30. Rd4 Rb6 31. h4 g5 32. fxg5+ hxg5 33. h5 e5 {0-1 Maerevoet,S (2436)-Hovhanisian,M (2405) ch-BEL 2024 Lier BEL (3.5)}) ({RR} 19. g3 Kf7 20. Bd3 Ke7 21. Rd1 b5 22. a4 Kd6 23. c3 bxa4 24. Ka2 a5 25. Rxa4 Rc5 26. Ra3 h6 {½-½ Zelcic,R (2547)-Zvjaginsev,V (2643) EU-ch 11th Rijeka 2010 (4)}) ({RR} 19. g3 Kf7 20. Bh3 Rc6 21. Re1 Re8 22. a4 g6 23. Re3 Nd7 24. a5 b5 25. axb6 Rxb6 26. Rc3 Reb8 27. b3 Ke7 28. Ra4 Kd6 29. Ra5 Ra8 30. Re3 Nc5 31. Re5 Rab8 32. Kb2 Rb4 33. Rxa6+ Nxa6 {½-½ Apicella,M (2540)-Libiszewski,F (2480) FRA-chB 86th 2011 (9)}) 19... b5 20. cxd5 Rd8 21. Be2 Rxd5 22. Rhd1 Kf7 23. Bf3 Rxd4 24. Rxd4 Ke7 25. b4 h6 26. Kc2 g5 27. Kd3 Rc8 28. Kd2 gxf4 29. Rxf4 Rd8+ 30. Ke3 Nd5+ 31. Ke4 1/2-1/2

[Event "45th FIDE Chess Olympiad Open"]
[Site "Budapest, Hungary"]
[Date "2024.09.12"]
[Round "2"]
[White "Rodriguez Vila, Andres"]
[Black "Ivanchuk, Vasyl"]
[Result "0-1"]
[WhiteElo "2417"]
[BlackElo "2635"]
[PlyCount "64"]
[EventDate "2024.??.??"]
[WhiteTeam "Uruguay"]
[BlackTeam "Ukraine"]
[WhiteTeamCountry "URU"]
[BlackTeamCountry "UKR"]
[WhiteClock "0:03:35"]
[BlackClock "0:07:04"]

1. e4 c5 2. Nf3 d6 3. d4 cxd4 4. Nxd4 Nf6 5. Nc3 a6 6. h3 e6 7. g4 Nfd7 8. Be3 b5 9. Qd2 Bb7 10. a3 Nb6 ({RR} 10... Nc6 11. O-O-O b4 12. axb4 Nxb4 13. f4 Rc8 14. Kb1 Nc5 15. Bg2 Qa5 16. Nb3 Nxb3 17. cxb3 Be7 18. Qf2 Nc6 19. e5 d5 20. f5 Qb4 21. Rhf1 O-O 22. f6 Bd8 23. Bc5 Qxb3 24. fxg7 Be7 25. gxf8=Q+ {1-0 Svane,F (2625)-Tsydypov,Z (2522) Chessable Masters Play-In 2024 (5)}) 11. O-O-O N8d7 12. Kb1 Rc8 $146 ({RR} 12... Ne5 13. f4 Nec4 14. Qe1 Rc8 15. Bc1 Qc7 16. Rd3 Be7 17. b3 Na5 18. Bb2 O-O 19. Rh2 d5 20. e5 b4 21. axb4 Bxb4 22. Qh4 Nc6 23. Nce2 Rfe8 24. Nxc6 Bxc6 25. Nd4 Bb5 26. Nxb5 axb5 27. f5 {1-0 Kovacevic,A (2489)-Holtel,J (2179) GER CupT 1718 prel4 2018 (2.1)}) 13. Bg5 Qc7 14. f4 h5 15. gxh5 Rxh5 16. h4 Nc4 17. Bxc4 Qxc4 18. Rh3 Nf6 19. f5 e5 20. Bxf6 gxf6 21. Nb3 b4 22. axb4 Bxe4 23. Na5 Qxb4 24. Qe2 Bxf5 25. Qxh5 Bg4 26. Qh8 Bxh3 27. Nb3 Be6 28. Qxf6 a5 29. Na2 Qe4 30. Nc3 Rxc3 31. bxc3 Bxb3 32. Qf2 Qa4 0-1

[Event "45th FIDE Chess Olympiad Open"]
[Site "Budapest, Hungary"]
[Date "2024.09.12"]
[Round "2"]
[White "Ponomariov, Ruslan"]
[Black "Vazquez, Facundo"]
[Result "1-0"]
[WhiteElo "2654"]
[BlackElo "2388"]
[PlyCount "117"]
[EventDate "2024.??.??"]
[WhiteTeam "Ukraine"]
[BlackTeam "Uruguay"]
[WhiteTeamCountry "UKR"]
[BlackTeamCountry "URU"]
[WhiteClock "0:17:19"]
[BlackClock "0:06:46"]

1. e4 {ChessBase II} c5 2. Nf3 e6 3. c3 Nf6 4. e5 Nd5 5. Bc4 d6 6. d4 Nc6 ({RR} 6... cxd4 7. cxd4 Nb6 8. Bd3 dxe5 9. dxe5 Na6 10. Qe2 Nc5 11. Bc2 Nd5 12. O-O Bd7 13. Nc3 Nxc3 14. bxc3 Be7 15. Rd1 Rc8 16. Nd4 O-O 17. Qh5 g6 18. Qh6 Re8 19. Nf3 Bf8 20. Qh3 Bg7 21. Bh6) 7. O-O Be7 8. Bxd5 exd5 9. exd6 Bxd6 ({RR} 9... Qxd6 10. dxc5 Qxc5 11. Nbd2 O-O 12. Nb3 Qd6 13. Be3 b6 14. Qd2 Bg4 15. Nbd4 Nxd4 16. Nxd4 Rad8 17. h3 Bc8 18. Bg5 Rfe8 19. Rfe1 Bxg5 20. Qxg5 h6 21. Qh4 a6 22. Rad1 b5 23. a3 Kf8 24. Qh5) 10. Re1+ ({RR} 10. Bg5) 10... Ne7 11. dxc5 Bxc5 12. Be3 Bd6 13. Bf4 O-O $146 ({RR} 13... Bc5 14. Nbd2 O-O 15. Nb3 Bb6 16. Be3 Bc7 17. Bc5 Re8 18. Rxe7 Rxe7 19. Bxe7 Qxe7 20. Qxd5 Bg4 21. Qg5 Qxg5 22. Nxg5 Re8 23. h3 Bd7 24. Nd4 f6 25. Ngf3 Kf7 26. Rd1 h5 27. Ne1 g5 28. Nec2 {1-0 Renet,O (2490)-Marzolo,C (2388) FRA-chT Top 16 GP Basse 2005 (10)}) ({RR} 13... Bxf4 14. Qa4+) 14. Bxd6 Qxd6 15. Nbd2 Rd8 16. Nd4 Ng6 17. Nf1 Bd7 18. Ne3 Re8 19. Qb3 Bc6 20. Rad1 Nf4 21. Qc2 Rad8 22. g3 Nh3+ 23. Kg2 Ng5 24. h4 Ne4 25. Nef5 Qf6 26. f3 Nc5 27. Qd2 Ne6 28. Re3 Nxd4 29. Nxd4 Rxe3 30. Qxe3 Re8 31. Qg5 Qxg5 32. hxg5 g6 33. Rh1 Re5 34. f4 Re3 35. Kf2 Rd3 36. Re1 Rd2+ 37. Re2 Rd1 38. g4 Kf8 39. f5 gxf5 40. gxf5 h6 41. gxh6 Rh1 42. Kg3 Rxh6 43. Kf4 Rh1 44. Kg5 Rg1+ 45. Kf6 Rh1 46. Nf3 Rh6+ 47. Kg5 Rh3 48. Nd4 Rh1 49. f6 Rg1+ 50. Kf4 Rf1+ 51. Ke5 Bd7 52. Rh2 Kg8 53. Kd6 Bc6 54. Ke7 Re1+ 55. Re2 Rxe2+ 56. Nxe2 Bb5 57. Nf4 Bc6 58. a3 a5 59. Nd3 1-0

[Event "45th FIDE Chess Olympiad Open"]
[Site "Budapest, Hungary"]
[Date "2024.09.12"]
[Round "2"]
[White "Roselli Mailhe, Bernardo"]
[Black "Onyshchuk, Volodymyr"]
[Result "0-1"]
[WhiteElo "2362"]
[BlackElo "2610"]
[PlyCount "110"]
[EventDate "2024.??.??"]
[WhiteTeam "Uruguay"]
[BlackTeam "Ukraine"]
[WhiteTeamCountry "URU"]
[BlackTeamCountry "UKR"]
[WhiteClock "0:09:07"]
[BlackClock "0:09:03"]

1. d4 Nf6 2. c4 g6 3. Nf3 Bg7 4. g3 O-O 5. Bg2 d6 6. O-O Nbd7 7. Nc3 e5 8. e4 Re8 9. d5 Nc5 10. Ne1 a5 11. Nd3 Nfd7 12. Be3 b6 13. Nxc5 Nxc5 14. Qd2 f5 15. f3 $146 ({RR} 15. Rae1 Bd7 16. b3 Qf6 17. exf5 Bxf5 18. f3 Qf8 19. Nb5 Rac8 20. g4 Bd7 21. h3 Re7 22. Na7 Rce8 23. Rf2 Rf7 24. Ref1 Qe7 25. Kh1 Bf6 {½-½ Pechenkin,V (2320)-Sequillion,A (1998) Edmonton-ch 2012 (2.1)}) 15... Rf8 16. Bg5 Qe8 17. Rfe1 f4 18. g4 h5 19. h3 Qf7 20. Kf2 Bf6 21. Bxf6 Qxf6 22. Rg1 hxg4 23. hxg4 Bxg4 24. Ke2 Bd7 25. Rh1 Kg7 26. Bh3 Rh8 27. Bxd7 Nxd7 28. Rag1 Rxh1 29. Rxh1 Qg5 30. Kf1 Qg3 31. Qe2 Nf6 32. Nb5 Rc8 33. Qg2 Qxg2+ 34. Kxg2 g5 35. b3 g4 36. Rh4 Kg6 37. Na7 Rg8 38. Nb5 gxf3+ 39. Kxf3 Kf7 40. Rh3 Rg1 41. Nxc7 Re1 42. Kf2 Ra1 43. Kf3 Rxa2 44. Nb5 Ke7 45. Rh6 Rf2+ 46. Kxf2 Ng4+ 47. Ke2 Nxh6 48. Nc7 Nf7 49. Na8 Ng5 50. Kd3 f3 51. Nxb6 Nxe4 52. Na4 Nf6 53. Nc3 e4+ 54. Kd2 f2 55. Ke2 e3 0-1

[Event "45th FIDE Chess Olympiad Open"]
[Site "Budapest, Hungary"]
[Date "2024.09.12"]
[Round "2"]
[White "Kulaots, Kaido"]
[Black "Predke, Alexandr"]
[Result "0-1"]
[WhiteElo "2506"]
[BlackElo "2671"]
[PlyCount "124"]
[EventDate "2024.??.??"]
[WhiteTeam "Estonia"]
[BlackTeam "Serbia"]
[WhiteTeamCountry "EST"]
[BlackTeamCountry "SRB"]
[WhiteClock "0:01:26"]
[BlackClock "0:02:18"]

1. e4 e5 2. Nf3 Nc6 3. Bb5 a6 4. Ba4 Nf6 5. O-O b5 6. Bb3 Bc5 7. a4 Bb7 8. d3 O-O 9. Nc3 Na5 10. axb5 Nxb3 11. cxb3 axb5 12. Rxa8 Bxa8 13. Nxe5 b4 ({RR} 13... d5 14. Bg5 dxe4 15. dxe4 Qxd1 16. Rxd1 b4 17. Bxf6 bxc3 18. bxc3 gxf6 19. Nd7 Bd6 20. Nxf8 Kxf8 21. f3 h5 22. h4 Ke7 23. Kf2 Bb7 24. c4 Be5 25. Rd2 Bc8 26. Rd5 Be6 27. Ra5 c5 28. Ke3 {½-½ Kasparov,G (2849)-Kramnik,V (2770) World-ch Kramnik-Kasparov +2-0=13 2000 (11)}) 14. Na4 Be7 15. Qc2 Re8 $146 ({RR} 15... c5 16. Be3 d6 17. Nf3 Qb8 18. h3 Qb5 19. Re1 h6 20. Nh4 Re8 21. Nf5 Bf8 22. Bf4 Re6 23. f3 d5 24. e5 d4 25. Bg3 Nh5 26. Bh2 g6 27. Ng3 Nf4 28. Rd1 Nd5 29. Nf1 Bb7 30. Rc1 {½-½ Liang,A (2587)-Firouzja,A (2759) Aimchess US Rapid Prelim 2021 (1)}) 16. Nf3 d6 17. Bg5 h6 18. Bh4 c5 19. h3 Nh5 20. Bxe7 Rxe7 21. Re1 Nf4 22. Re3 Bb7 23. Kh2 Ne6 24. Re1 d5 25. Kg1 dxe4 26. dxe4 Rd7 27. Qc4 Qc7 28. Qc1 Rd3 29. Re3 Rd8 30. Re1 Rd7 31. Qc2 Qd6 32. Qc1 Ba6 33. Qe3 Qc7 34. Qc1 Rd3 35. Re3 Rd8 36. Re1 Bd3 37. Re3 Bb5 38. Re1 Rd3 39. Qc2 Rxf3 40. gxf3 Nd4 41. Qd1 Qf4 42. Re3 Bd7 43. Kh1 Qh4 44. f4 Qxf2 45. Qg1 Qc2 46. Qg2 Qc1+ 47. Qg1 Qd2 48. Nxc5 Bc6 49. Rg3 Ne6 50. f5 Ng5 51. Rg4 Qxb2 52. Qe3 Qb1+ 53. Kh2 Qc2+ 54. Rg2 Qd1 55. h4 Nf3+ 56. Kg3 Ne5 57. Qf4 Qd4 58. Kh2 Qxc5 59. Qxh6 Ng4+ 60. Rxg4 Qf2+ 61. Kh3 Qf3+ 62. Kh2 Qe2+ 0-1